| 000 | 01013nam a22002535i 4500 | ||
|---|---|---|---|
| 001 | 153040 | ||
| 003 | ES-MaACL | ||
| 005 | 20250901063128.0 | ||
| 008 | 950206s1795 sp |||| | spa d | ||
| 040 | _aCAV | ||
| 100 | 1 |
_aCaussin, Nicolas, _d1583-1651 _9126402 |
|
| 245 | 1 | 3 |
_aLa Corte Santa / _cdel Padre Nicolas Causino ; traducida del frances al castellano por ... Francisco Cruzado ; nueuamente corregida por ... Benito Francisco de Castro y Barbeyto ... ; segunda parte. |
| 260 |
_aMadrid : _ben la Imprenta Real, _c1795. |
||
| 300 |
_aVI, 458 p. ; _c4º. |
||
| 597 | _aSign.: *3, A-Z8, 2A-2E8, 2F4, 2G2. | ||
| 597 | _aPort. con marca tip. | ||
| 597 | _aPort. con escudo real. | ||
| 650 |
_aMoral cristiana- _vObras anteriores a 1800. _9144661 |
||
| 700 | 1 | 1 |
_aCastro y Barbeyto, Benito Francisco de. _936964 |
| 700 | 1 |
_aCruzado y Aragón, Francisco Antonio. _9126648 |
|
| 852 |
_aES-MaACL _jR-1146 _z-- Enc. piel con hierros dorados |
||
| 999 |
_c153040 _d153040 |
||